000 nam a22 7a 4500
999 _c2496
_d2496
005 20170517082055.0
008 170517b1952 ny ||||| |||| 00| 0 eng d
040 _aAKMAL
082 _a609 LAR
090 _a609
_bLAR
100 1 _aLarsen, Egon,
_d1904-
_95190
245 1 0 _aMen who changed the world;
_bstories of invention and discovery,
_cby Egon Larsen [pseud.
250 _a4th ed.
260 _aNew York,
_bRoy Publishers
_c1952
300 _a232p
_b illus.
_c22 cm
500 _aIncludes Index
650 0 _aInventors
_95191
942 _2ddc
_cBOOK